Voos com origem em Fortaleza (FOR) - Statistics

Estatísticas Gerais
  • Esse quiz foi jogado 30 vezes
  • A pontuação média é 23 de 35
Estatísticas das Respostas
Cia aérea Destino % Correto
Gol, LATAM Rio de Janeiro-Galeão
96%
LATAM, TAP Lisboa
93%
Azul, Gol, LATAM São Paulo-Congonhas
93%
Gol, LATAM São Paulo-Guarulhos
93%
Azul, LATAM Belém
89%
Azul, Gol, LATAM Manaus
89%
Gol, LATAM Salvador
89%
Azul, Gol, LATAM Belo Horizonte-Confins
86%
Gol, LATAM Brasília
86%
Azul, LATAM Juazeiro do Norte
86%
Gol, LATAM Miami
86%
LATAM Natal
86%
Azul Conecta, Gol, LATAM São Luís
86%
Air France Paris-Charles de Gaulle
82%
Azul, Gol, LATAM Recife
82%
Azul Campinas
79%
Gol Buenos Aires-Aeroparque
75%
Gol Buenos Aires-Ezeiza
75%
Azul, LATAM Teresina
71%
LATAM Vitória
68%
Azul Conecta Jericoacoara
64%
LATAM Santiago
64%
Azul Conecta Sobral
61%
Gol Orlando
57%
Azul Goiânia
54%
Azul Campina Grande
50%
Azul Uberlândia
43%
Azul Ribeirão Preto
39%
Azul São José do Rio Preto
39%
Azul Conecta Iguatu
32%
Azul Conecta Parnaíba
29%
Air France Caiena
25%
Azul Conecta Crateús
25%
Azul Conecta Barreirinhas
21%
Azul Conecta São Benedito
21%
Nenhum quiz correspondente encontrado
Distribuição das Pontuações
Porcentagem de Pessoas com Cada Pontuação
Percentil de Números Respondidos
Sua Pontuação Histórica
Você não jogou esse quiz